| 000 | 01108nam a2200289 a 4500 | ||
|---|---|---|---|
| 001 | 000041265 | ||
| 003 | DO-SdBNP | ||
| 005 | 20211227100536.0 | ||
| 008 | 111110s2010 dr ac 001 0 spa d | ||
| 020 | _a9789945871449 | ||
| 040 |
_aDO-SdBNP _bspa _cBPMSU |
||
| 082 |
_a923.17293 _bB171P 2010 _222 |
||
| 100 | 1 |
_aPérez, Odalís G. _d1952- |
|
| 245 | 1 | 0 |
_aJoaquín Balaguer : _bla filología, la historia, el pensamiento / _cOdalís G. Pérez. |
| 260 |
_aSanto Domingo : _bFandación Joaquín Balaguer, _c2010. |
||
| 300 |
_a689 p. : _bil., retrs. ; _c24 cm. |
||
| 500 | _aIncluye datos biográficos del autor en las solapas | ||
| 500 | _aIncluye referencias bibliográficas y notas al pie de las páginas | ||
| 504 | _aBibliografía : p. 645-677 | ||
| 590 | _aInventariado, 2021/VM | ||
| 600 | 1 | 0 |
_aBalaguer, Joaquín, _d1906-2002 _xConocimiento |
| 600 | 1 | 0 |
_aBalaguer, Joaquín , _d1906-2002 _xCrítica e interpretación |
| 650 | 4 |
_aPresidentes _zRepública Dominicana _vBiografías |
|
| 710 | 2 | _aFundación Joaquín Balaguer (República Dominicana) | |
| 910 | _aVMateo V. | ||
| 942 |
_2ddc _cBK |
||
| 999 |
_c13922 _d13922 |
||